000 00644nam a22002177a 4500
003 OSt
005 20181003131749.0
008 181003b xxu||||| |||| 00| 0 eng d
020 _a9780853699606
040 _cDNLM
082 _aQV737 R25i 2011
100 _aRees, Judith A.; Smith, Ian; Smith, Brian
_912702
245 _aIntroduction to Pharmaceutical Calculations
250 _a3rd ed.
260 _aLondon; Pharmaceutical Press, 2011
300 _axii,245p; ill:24cm
504 _aAppendices, bibliography, & index included
650 _aPharmaceutical calculations
_95145
650 _aDrug calculations
_96264
942 _2z
_cSLOAN
999 _c6148
_d6148